| 000 | 00427cam a22001457a 4500 | ||
|---|---|---|---|
| 008 | 180718b1968 xxu||||| |||| 00| 0 eng d | ||
| 082 | _aR7x42 W691 | ||
| 100 | _aWilson, A.W. | ||
| 245 |
_aIndustrial relations, law and economics _cby A.W. Wilson and S.R. Hill |
||
| 260 |
_aLondon _bLongmans _c1968 |
||
| 300 | _a185p. | ||
| 440 | _aLongman's supervisory series; v.3. | ||
| 650 | _aIndustrial relations | ||
| 700 | _aHill, S.R. | ||
| 999 |
_c434690 _d434690 |
||